Central Library OPAC University of Rajshahi

বাংলাদেশের মাজার সংস্কৃতি : (Record no. 77697)

MARC details
000 -LEADER
fixed length control field 01992nam a2200313 a 4500
001 - CONTROL NUMBER
control field 77697
003 - CONTROL NUMBER IDENTIFIER
rucl marc code BD-RjUL
005 - DATE AND TIME OF LATEST TRANSACTION
control field 20211209083019.0
008 - FIXED-LENGTH DATA ELEMENTS--GENERAL INFORMATION
fixed length control field 201228s2007 bg a|||| m||| 00| 0 ben d
035 ## - SYSTEM CONTROL NUMBER
System control number (BD-RjUL)77923
040 ## - CATALOGING SOURCE
Original cataloging agency BD-RjUL
Language of cataloging ben / eng
Transcribing agency BD-RjUL
Modifying agency BD-RjUL
041 ## - LANGUAGE CODE
Language code of text/sound track or separate title ben
082 ## - DEWEY DECIMAL CLASSIFICATION NUMBER
Classification number 297.4095492
Author mark and year HUB 2007
Edition number 23
100 ## - MAIN ENTRY--PERSONAL NAME
Personal name হুসাইন, মো. ইকবাল
9 (RLIN) 243009
245 10 - TITLE STATEMENT
Title বাংলাদেশের মাজার সংস্কৃতি :
Remainder of title একটি সমাজতাত্ত্বিক সমীক্ষা /
Statement of responsibility, etc. মো. ইকবাল হুসাইন
Linkage গবেষণা তত্ত্বাবধায়ক : আবুল হাসান চৌধুরী , এ. এইচ. এম. মোস্তাফিজুর রহমান
260 ## - PUBLICATION, DISTRIBUTION, ETC. (IMPRINT)
Place of publication, distribution, etc. রাজশাহী :
Name of publisher, distributor, etc. ফোকলোর বিভাগ, রাজশাহী বিশ্ববিদ্যালয়,
Date of publication, distribution, etc. ২০০৭
300 ## - PHYSICAL DESCRIPTION
Pagination xiii, ২৪৩ পাতা :
Illustrations চিত্র ;
Size ২৮ সেমি.
502 ## - DISSERTATION NOTE
Dissertation note থিসিস (পিএইচ. ডি.) -- ফোকলোর বিভাগ, রাজশাহী বিশ্ববিদ্যালয়, ২০০৭
504 ## - BIBLIOGRAPHY, ETC. NOTE
Bibliography, etc গ্রন্থপঞ্জি : পাতা [২২৮] -২৩১
650 ## - SUBJECT ADDED ENTRY--TOPICAL TERM
Topical term or geographic name as entry element আধ্যাত্মিকতা
Geographic subdivision বাংলাদেশ
9 (RLIN) 243326
Topical term or geographic name as entry element Spirituality
Geographic subdivision Bangladesh
9 (RLIN) 97596
Topical term or geographic name as entry element সুফিবাদ
Geographic subdivision বাংলাদেশ
9 (RLIN) 243327
Topical term or geographic name as entry element Sufism
Geographic subdivision Bangladesh
9 (RLIN) 243328
Topical term or geographic name as entry element সুফিবাদ
General subdivision মতবাদ
9 (RLIN) 243329
Topical term or geographic name as entry element Sufism
General subdivision Doctrines
9 (RLIN) 243330
700 ## - ADDED ENTRY--PERSONAL NAME
Personal name চৌধুরী, আবুল হাসান, গবেষণা তত্ত্বাবধায়ক
Personal name রহমান, এ. এইচ. এম. মোস্তাফিজুর, যুগ্ম গবেষণা তত্ত্বাবধায়ক
942 ## - ADDED ENTRY ELEMENTS (KOHA)
Source of classification or shelving scheme Dewey Decimal Classification
Koha item type Theses
Holdings
Lost status Source of classification or shelving scheme Damaged status Not for loan Collection code Permanent Location Current Location Shelving location Date acquired Source of acquisition Total Checkouts Full call number Date last seen Copy number Koha item type
  Dewey Decimal Classification   Not For Loan Theses Central Library, University of Rajshahi Central Library, University of Rajshahi Documentation Section 22/04/2008 Controller of Exam., R.U.   BTHE 297.4095492 HUB 2007 28/12/2020 C-1 Theses